000
00317nam a22001457a 4500
008
210311b ||||| |||| 00| 0 eng d
020
_a
002334590X
041
_a
eng
080
_a
339.138
082
_a
339.138
100
_a
60
101
_a
MAR
245
_a
Essentials of Marketing
_c
Evans,R.J
942
_2
udc
_c
BK
999
_c
56348
_d
56348